[Event "EU-ch Amateur U2000"]
[Site "Zagreb"]
[Date "2022.08.20"]
[Round "8"]
[White "Tomasko, Miljenko"]
[Black "Liovic, Fran"]
[Result "1/2-1/2"]
[WhiteElo "1935"]
[BlackElo "1736"]
[PlyCount "81"]
[EventDate "2022.08.14"]
[EventType "swiss"]
[EventRounds "9"]
[EventCountry "CRO"]
[SourceTitle "CBM 210 Extra"]
[Source "ChessBase"]
[SourceDate "2022.11.30"]
[SourceVersion "1"]
[SourceVersionDate "2022.11.30"]
[SourceQuality "1"]

1. d4 d5 2. Nf3 Nf6 3. c4 c6 4. Nc3 e6 5. Bg5 Nbd7 6. Qc2 dxc4 7. e4 b5 8. d5 cxd5 9. exd5 exd5 10. Nxd5 Be7 11. Nxe7 Qxe7+ 12. Be2 Bb7 13. 0-0 0-0 14. Rfe1 Qc5 15. Be3 Qc6 16. a4 a6 17. Bf1 Ng4 18. Bd4 Qd6 19. h3 Bxf3 20. hxg4 Qxd4 21. gxf3 Ne5 22. Re3 Rad8 23. axb5 axb5 24. Qc3 Nc6 25. b3 b4 26. Qxd4 Nxd4 27. bxc4 Nc2 28. Rb1 Nxe3 29. fxe3 Rb8 30. Kf2 Rfd8 31. Ke2 Kf8 32. f4 Ke7 33. Bg2 Kd6 34. Bd5 Rd7 35. Kd3 Ra7 36. Kd4 Ra3 37. Bxf7 b3 38. Rb2 Rb4 39. e4 Ra2 40. Kc3 Kc5 41. Rxb3 1/2-1/2

[Event "EU-ch Amateur U2000"]
[Site "Zagreb"]
[Date "2022.08.16"]
[Round "3"]
[White "Tomasko, Miljenko"]
[Black "Begic, Klara"]
[Result "1-0"]
[WhiteElo "1935"]
[BlackElo "1659"]
[PlyCount "109"]
[EventDate "2022.08.14"]
[EventType "swiss"]
[EventRounds "9"]
[EventCountry "CRO"]
[SourceTitle "CBM 210 Extra"]
[Source "ChessBase"]
[SourceDate "2022.11.30"]
[SourceVersion "1"]
[SourceVersionDate "2022.11.30"]
[SourceQuality "1"]

1. d4 d5 2. Nf3 Nf6 3. c4 e6 4. Nc3 Be7 5. Qc2 c5 6. e3 0-0 7. dxc5 Bxc5 8. a3 a5 9. Be2 dxc4 10. 0-0 Qe7 11. Bxc4 Nc6 12. Rd1 Bd7 13. b3 Rfd8 14. Bb2 Be8 15. Rxd8 Rxd8 16. Ne4 Nxe4 17. Qxe4 Rd6 18. h4 f6 19. g4 Bg6 20. Qf4 Bd3 21. g5 f5 22. h5 Bxc4 23. bxc4 Rd3 24. h6 gxh6 25. Bf6 Qd6 26. Qh4 Rd1+ 27. Rxd1 Qxd1+ 28. Kg2 Be7 29. Qxh6 Bxf6 30. gxf6 Qd7 31. Qg5+ Kf8 32. Qh6+ Kg8 33. Ng5 Nd8 34. Kh3 b6 35. a4 e5 36. Kh4 f4 37. exf4 exf4 38. f7+ Nxf7 39. Qxh7+ Kf8 40. Qxf7+ Qxf7 41. Nxf7 Kxf7 42. Kg4 Ke6 43. Kxf4 Kd6 44. Ke4 Kc5 45. f4 Kxc4 46. f5 Kb4 47. f6 Kxa4 48. f7 Kb3 49. f8Q a4 50. Qf7+ Kb2 51. Qf6+ Ka2 52. Qe6+ Ka1 53. Qe5+ Ka2 54. Kd3 a3 55. Kc2 1-0